000 01587nam a2200313Ia 4500
999 _c54801
_d54801
001 21870
003 GE_BSU
005 20220620164143.0
008 181216s ||||ge |||||||||||||| ||geo||
020 _a9789941951244
040 _cGE_BSU
041 _ageo
080 _a342.743(479.22)(075.8) რ-72
100 _aროგავა, ზვიად
_99239
245 _aსაგადასახადო სამართალი წ. 2 :
_bდამხმ. სახელმძღვანელო /
_cზვიად როგავა ; რედაქტორი მაია კოპალეიშვილი.
264 _aთბილისი :
_bიურისტების სამყარო,
_c2017.
300 _a340 გვ. ;
_c 24 სმ.
520 _aთავფურცლის მე-3 გვერდი ინგლისურ ენაზე
541 _h25 ლ.
653 _aდამხმარე სახელმძღვანელო
653 _aსაგადასახადო კონტროლი
653 _a საგადასახადო სამართალდარღვევა
653 _aსაგადასახადო შეთანხმება
653 _aსაგადასახადო დავა
653 _aსაგადასახადო სამართალი წ. 2
653 _aსამართალი
700 _aკოპალეიშვილი, მაია
_eრედაქტორი
_914155
942 _cBK
_2udc